| 000 | 00747nam a22002417a 4500 | ||
|---|---|---|---|
| 005 | 20170124110054.0 | ||
| 010 | _a434157 | ||
| 020 | _c00.00 | ||
| 035 | _a434157 | ||
| 037 | _bCen Lib/Ret | ||
| 040 |
_aDPL _bEN |
||
| 082 |
_a371.73 _bHAL |
||
| 100 |
_aHalsey, Elizabeth _926045 |
||
| 245 |
_aPhysical education for children : _cby Elizabeth Halsey [and] Lorena Porter _ba developmental program / |
||
| 260 |
_aNew York _bHolt, Rinehart and Winston _c1958 |
||
| 270 | _bNew York | ||
| 300 |
_axiv,416p. : _c24cm(Hb) _bill. |
||
| 500 | _aIncludes index | ||
| 650 |
_aPhysical education for children _925837 |
||
| 650 |
_aPhysical education _922886 |
||
| 700 |
_a Porter, Lorena _926046 |
||
| 942 |
_2ddc _cEN _h371.73 _mHAL |
||
| 999 |
_c129329 _d129329 |
||